[Event "POL-chT 2nd League"]
[Site "Wysowa"]
[Date "2003.09.14"]
[Round "11"]
[White "Slabek, Agnieszka"]
[Black "Kucypera, Malgorzata"]
[Result "1-0"]
[WhiteElo "2073"]
[BlackElo "2042"]
[PlyCount "93"]
[EventDate "2003.09.06"]
[EventType "team-swiss"]
[EventRounds "11"]
[EventCountry "POL"]
[SourceTitle "CBM 096 Extra"]
[Source "ChessBase"]
[SourceDate "2003.10.22"]
[SourceVersion "2"]
[SourceVersionDate "2003.10.20"]
[SourceQuality "1"]
[WhiteTeam "Dankowice Pasjonat"]
[BlackTeam "Ostroda Kormoran"]
[WhiteTeamCountry "POL"]
[BlackTeamCountry "POL"]

1. g3 e5 2. c4 Nc6 3. Bg2 g6 4. Nc3 Bg7 5. e3 d6 6. Rb1 Be6 7. d3 a5 8. a3 Qd7 9. b4 axb4 10. axb4 Rb8 11. b5 Nce7 12. Nd5 Nf6 13. e4 0-0 14. Bg5 Bxd5 15. cxd5 h6 16. Bh3 Qd8 17. Bd2 c6 18. dxc6 bxc6 19. bxc6 Nxc6 20. Ne2 d5 21. Rxb8 Qxb8 22. exd5 Nxd5 23. 0-0 Qd6 24. Qa4 Rd8 25. Rb1 Nde7 26. Rb3 Kh7 27. Bg2 Qe6 28. h4 h5 29. Bg5 f6 30. Be3 Kg8 31. Rb6 Rc8 32. Qb5 Qd7 33. d4 Qe8 34. d5 Nb8 35. Qb3 Kh7 36. Nc3 f5 37. Bg5 Ng8 38. Nb5 Qd7 39. Nd6 Rf8 40. Qb4 Qc7 41. Rb7 Na6 42. Qa3 Qc5 43. Qxa6 e4 44. Be3 Qxd5 45. Qa7 Qe5 46. Nb5 Kh8 47. Bd4 1-0

[Event "POL-chT 2nd League"]
[Site "Wysowa"]
[Date "2003.09.10"]
[Round "6"]
[White "Jalowiec, Halina"]
[Black "Slabek, Agnieszka"]
[Result "1/2-1/2"]
[WhiteElo "2125"]
[BlackElo "2073"]
[PlyCount "27"]
[EventDate "2003.09.06"]
[EventType "team-swiss"]
[EventRounds "11"]
[EventCountry "POL"]
[SourceTitle "CBM 096 Extra"]
[Source "ChessBase"]
[SourceDate "2003.10.22"]
[SourceVersion "2"]
[SourceVersionDate "2003.10.20"]
[SourceQuality "1"]
[WhiteTeam "Rolnik Roza"]
[BlackTeam "Dankowice Pasjonat"]
[WhiteTeamCountry "POL"]
[BlackTeamCountry "POL"]

1. d4 f5 2. g3 Nf6 3. Bg2 d5 4. Nh3 e6 5. Nf4 Bd6 6. Nd2 Qe7 7. Nf3 c6 8. c3 b6 9. Nd3 Bb7 10. Bf4 0-0 11. 0-0 Nbd7 12. Nfe5 c5 13. Nxd7 Nxd7 14. Qd2 1/2-1/2

[Event "Golden Rook op (Women)"]
[Site "Chotowa"]
[Date "2003.05.10"]
[Round "5"]
[White "Smolak, Ewa"]
[Black "Slabek, Agnieszka"]
[Result "1/2-1/2"]
[WhiteElo "1968"]
[BlackElo "2069"]
[PlyCount "20"]
[EventDate "2003.05.??"]
[EventType "swiss"]
[EventRounds "9"]
[EventCountry "POL"]
[SourceTitle "EXT 2005"]
[Source "ChessBase"]
[SourceDate "2004.11.15"]
[SourceVersion "1"]
[SourceVersionDate "2004.11.15"]
[SourceQuality "1"]

1. e4 c5 2. Nc3 Nc6 3. f4 g6 4. g3 Bg7 5. Bg2 e6 6. d3 Nge7 7. Nf3 d6 8. 0-0 0-0 9. Be3 Nd4 10. e5 dxe5 1/2-1/2

[Event "Golden Rook op (Women)"]
[Site "Chotowa"]
[Date "2003.05.07"]
[Round "2"]
[White "Slabek, Agnieszka"]
[Black "Bobowska, Joanna"]
[Result "1-0"]
[WhiteElo "2069"]
[BlackElo "1935"]
[PlyCount "80"]
[EventDate "2003.05.??"]
[EventType "swiss"]
[EventRounds "9"]
[EventCountry "POL"]
[SourceTitle "EXT 2005"]
[Source "ChessBase"]
[SourceDate "2004.11.15"]
[SourceVersion "1"]
[SourceVersionDate "2004.11.15"]
[SourceQuality "1"]

1. g3 c5 2. Bg2 Nf6 3. f4 d5 4. Nf3 Nc6 5. d3 e6 6. 0-0 Be7 7. Nbd2 Ng4 8. Nb3 c4 9. Nbd4 Bc5 10. c3 Qb6 11. e3 e5 12. Nxe5 Ngxe5 13. fxe5 Nxe5 14. Bxd5 Bg4 15. Qa4+ Bd7 16. Qc2 cxd3 17. Qb3 0-0 18. Qxb6 Bxb6 19. Bxb7 Rab8 20. Be4 Bg4 21. b3 Rbc8 22. Bd2 Ba5 23. Rac1 Rc7 24. Kg2 Rfc8 25. Nb5 Rd7 26. h3 Be6 27. Rfd1 a6 28. Nd4 Bd5 29. Bxd5 Rxd5 30. c4 Bxd2 31. Rxd2 Rdc5 32. Nf3 Rd8 33. Rc3 Nxf3 34. Kxf3 Rf5+ 35. Kg2 g6 36. Rcxd3 Re8 37. Rd8 Rfe5 38. Rxe8+ Rxe8 39. Kf3 Kg7 40. e4 Re6 1-0

[Event "POL-chT2 South"]
[Site "Ustron"]
[Date "2001.09.??"]
[Round "?"]
[White "Slabek, Agnieszka"]
[Black "Smolak, Ewa"]
[Result "1-0"]
[WhiteElo "2112"]
[BlackElo "2038"]
[PlyCount "45"]
[EventDate "2001.09.14"]
[EventType "team-swiss"]
[EventRounds "10"]
[EventCountry "POL"]
[SourceTitle "EXT 2019"]
[Source "ChessBase"]
[SourceDate "2018.10.10"]
[SourceVersion "1"]
[SourceVersionDate "2018.10.10"]
[SourceQuality "1"]

1. g3 d5 2. Nf3 Nc6 3. d4 f6 4. Bg2 e5 5. dxe5 fxe5 6. 0-0 h6 7. c4 d4 8. e3 Bg4 9. Qa4 Qd7 10. exd4 exd4 11. Re1+ Nge7 12. b4 Bxf3 13. Bxf3 Nb8 14. b5 c6 15. Bf4 cxb5 16. cxb5 g5 17. Be5 Rg8 18. Nd2 Bg7 19. Nc4 Kf8 20. Rad1 Na6 21. Rxd4 Nc5 22. Rxd7 Nxa4 23. Bd6 1-0

[Event "Prague Bohemians (Women)"]
[Site "Prague"]
[Date "1992.??.??"]
[Round "2"]
[White "Horvath, Maria"]
[Black "Slabek, Agnieszka"]
[Result "0-1"]
[WhiteElo "2050"]
[BlackElo "2155"]
[PlyCount "44"]
[EventDate "1992.??.??"]
[EventType "tourn"]
[EventRounds "13"]
[EventCountry "CZE"]
[SourceTitle "TD"]
[Source "ChessBase"]
[SourceDate "1994.03.01"]
[SourceVersion "1"]
[SourceVersionDate "1994.03.01"]
[SourceQuality "1"]

1. Nf3 Nf6 2. g3 d5 3. Bg2 c6 4. b3 Bf5 5. Bb2 e6 6. 0-0 Bd6 7. c4 h6 8. d4 0-0 9. Nbd2 Nbd7 10. a3 Re8 11. b4 b5 12. cxb5 cxb5 13. Qb3 Nb6 14. Ne5 Nc4 15. Ndxc4 bxc4 16. Qa4 Qb6 17. Qc6 Rec8 18. Qxb6 axb6 19. Rfc1 b5 20. Nf3 Ne4 21. Bc3 Nxc3 22. Rxc3 Bxb4 0-1

[Event "Prague Bohemians (Women)"]
[Site "Prague"]
[Date "1992.??.??"]
[Round "9"]
[White "Palatkova, Eliska"]
[Black "Slabek, Agnieszka"]
[Result "1/2-1/2"]
[WhiteElo "2005"]
[BlackElo "2155"]
[PlyCount "67"]
[EventDate "1992.??.??"]
[EventType "tourn"]
[EventRounds "13"]
[EventCountry "CZE"]
[SourceTitle "TD"]
[Source "ChessBase"]
[SourceDate "1994.03.01"]
[SourceVersion "1"]
[SourceVersionDate "1994.03.01"]
[SourceQuality "1"]

1. c4 g6 2. g3 Bg7 3. Bg2 d6 4. Nc3 e5 5. e3 Nc6 6. Nge2 f5 7. d3 Nge7 8. Rb1 Be6 9. Nd5 Qd7 10. b4 a6 11. a4 Nd8 12. Nec3 Nc8 13. b5 c6 14. bxc6 bxc6 15. Nb6 Nxb6 16. Rxb6 a5 17. Ba3 0-0 18. 0-0 Rf7 19. Ne2 h6 20. Qd2 Kh7 21. Rc1 Qc7 22. Rcb1 Rd7 23. Qc2 Bg8 24. d4 e4 25. Nf4 Ra7 26. g4 Rb7 27. Rxb7 Nxb7 28. gxf5 gxf5 29. Bxe4 fxe4 30. Qxe4+ Kh8 31. Ng6+ Kh7 32. Ne5+ Kh8 33. Ng6+ Kh7 34. Ne5+ 1/2-1/2

[Event "POL-ch (Women)"]
[Site "Swieradow"]
[Date "1992.??.??"]
[Round "4"]
[White "Slabek, Agnieszka"]
[Black "Guzkowska, Magdalena"]
[Result "1-0"]
[WhiteElo "2155"]
[BlackElo "2065"]
[PlyCount "97"]
[EventDate "1992.??.??"]
[EventType "tourn"]
[EventRounds "13"]
[EventCountry "POL"]
[SourceTitle "EXT 2000"]
[Source "ChessBase"]
[SourceDate "1999.11.16"]
[SourceVersion "1"]
[SourceVersionDate "1999.11.16"]
[SourceQuality "1"]

1. e4 c5 2. Nf3 e6 3. d4 cxd4 4. Nxd4 a6 5. Nc3 Qc7 6. g3 Nf6 7. Bg2 Nc6 8. 0-0 Be7 9. Re1 d6 10. Nxc6 bxc6 11. e5 dxe5 12. Rxe5 0-0 13. Bf4 Bd6 14. Rxe6 Bxe6 15. Bxd6 Qb6 16. Bxf8 Rxf8 17. b3 Bg4 18. Qd2 Rd8 19. Qf4 h5 20. h3 Rd4 21. Qe3 Bf5 22. Ne2 Rb4 23. Qxb6 Rxb6 24. Nd4 Bg6 25. c4 c5 26. Nc6 Be4 27. Bxe4 Nxe4 28. Ne7+ Kf8 29. Nd5 Rd6 30. Re1 Ng5 31. Kg2 Ne6 32. Re4 g6 33. h4 Nd4 34. Re5 Nc6 35. Re4 Nd4 36. Nc7 Rc6 37. Re8+ Kg7 38. Nd5 Ne6 39. Ra8 Nd4 40. Ra7 Ne6 41. Ne3 Nc7 42. Nd1 Kf6 43. Nc3 Ke5 44. f3 Kd4 45. Ne2+ Kd3 46. Nf4+ Kc3 47. Rxc7 Rxc7 48. Nd5+ Kb2 49. Nxc7 1-0

[Event "Prague Bohemians (Women)"]
[Site "Prague"]
[Date "1992.??.??"]
[Round "1"]
[White "Slabek, Agnieszka"]
[Black "Maskova, Jana"]
[Result "0-1"]
[WhiteElo "2155"]
[BlackElo "2235"]
[PlyCount "72"]
[EventDate "1992.??.??"]
[EventType "tourn"]
[EventRounds "13"]
[EventCountry "CZE"]
[SourceTitle "TD"]
[Source "ChessBase"]
[SourceDate "1994.03.01"]
[SourceVersion "1"]
[SourceVersionDate "1994.03.01"]
[SourceQuality "1"]

1. e4 c5 2. Nf3 Nc6 3. d4 cxd4 4. Nxd4 Nf6 5. Nc3 e5 6. Ndb5 d6 7. Bg5 a6 8. Na3 b5 9. Bxf6 gxf6 10. Nd5 f5 11. c3 Bg7 12. exf5 Bxf5 13. Nc2 Ne7 14. Nce3 Be6 15. g3 Nxd5 16. Nxd5 0-0 17. Bg2 f5 18. 0-0 Rc8 19. Qh5 Rc5 20. Rfd1 e4 21. Nf4 Bf7 22. Qe2 Be5 23. Qe3 a5 24. a3 b4 25. axb4 axb4 26. cxb4 Rb5 27. Ra7 d5 28. Bh3 d4 29. Qa3 Qg5 30. Qa6 Rfb8 31. Rxf7 Kxf7 32. Qe6+ Kf8 33. Nd5 Re8 34. Qc6 Rbb8 35. Qc5+ Kg8 36. b5 Qh5 0-1

[Event "Prague Bohemians (Women)"]
[Site "Prague"]
[Date "1992.??.??"]
[Round "10"]
[White "Slabek, Agnieszka"]
[Black "Modrova, Hana"]
[Result "1-0"]
[WhiteElo "2155"]
[BlackElo "2050"]
[PlyCount "85"]
[EventDate "1992.??.??"]
[EventType "tourn"]
[EventRounds "13"]
[EventCountry "CZE"]
[SourceTitle "TD"]
[Source "ChessBase"]
[SourceDate "1994.03.01"]
[SourceVersion "1"]
[SourceVersionDate "1994.03.01"]
[SourceQuality "1"]

1. e4 d6 2. d4 Nf6 3. Nc3 c6 4. f4 Qa5 5. Bd3 e5 6. Nf3 Bg4 7. Be3 Nbd7 8. 0-0 Be7 9. h3 Bxf3 10. Qxf3 0-0-0 11. Rab1 h5 12. b4 Qc7 13. a4 h4 14. Ne2 Nh5 15. c4 exf4 16. Nxf4 Ng3 17. Rfc1 Nf6 18. b5 Kd7 19. bxc6+ bxc6 20. Nd5 Qc8 21. Rb2 Ke8 22. Nxe7 Kxe7 23. Bg5 Rh5 24. Qf4 Qe6 25. Rf2 Ke8 26. Bxf6 Qxf6 27. Qxf6 gxf6 28. Rb1 Rh6 29. Rfb2 Rh5 30. Rf2 Rh6 31. Rf4 Ke7 32. a5 Rh5 33. a6 Ra5 34. Rxh4 Rxa6 35. Kh2 Ra3 36. Rd1 Rg8 37. Rg4 Rxg4 38. hxg4 f5 39. exf5 a5 40. Kxg3 Rc3 41. Kf4 a4 42. Ke3 Kf6 43. Kf4 1-0

[Event "POL-chT 47th"]
[Site "Mikolajki"]
[Date "1991.09.??"]
[Round "2"]
[White "Dabrowska, Krystyna"]
[Black "Slabek, Agnieszka"]
[Result "1/2-1/2"]
[WhiteElo "2175"]
[BlackElo "2140"]
[PlyCount "60"]
[EventDate "1991.09.20"]
[EventType "team-swiss"]
[EventRounds "9"]
[EventCountry "POL"]
[SourceTitle "EXT 2019"]
[Source "ChessBase"]
[SourceDate "2018.10.10"]
[SourceVersion "1"]
[SourceVersionDate "2018.10.10"]
[SourceQuality "1"]
[WhiteTeam "Warszawa Legion"]
[BlackTeam "Katowice Start"]
[WhiteTeamCountry "POL"]
[BlackTeamCountry "POL"]

1. e4 e5 2. Nf3 Nc6 3. Bb5 f5 4. Nc3 fxe4 5. Nxe4 Nf6 6. Qe2 d5 7. Nxe5 dxe4 8. Qc4 Qd5 9. Qxd5 Nxd5 10. Nxc6 Bd7 11. Nd4 Bc5 12. Bxd7+ Kxd7 13. c3 Rhf8 14. 0-0 Bxd4 15. cxd4 Nb4 16. d3 Nxd3 17. b3 Rf5 18. Be3 Nb4 19. Bd2 Nd3 20. Rad1 Raf8 21. Be3 Re8 22. a3 Nf4 23. Bxf4 Rxf4 24. Rfe1 Rf6 25. Re3 Rfe6 26. Kf1 Kd6 27. Ke2 Rf8 28. Rc3 Ref6 29. Rf1 R8f7 30. Ke3 g6 1/2-1/2

[Event "POL-chT 47th"]
[Site "Mikolajki"]
[Date "1991.09.??"]
[Round "3"]
[White "Slabek, Agnieszka"]
[Black "Kaczorowska, Barbara"]
[Result "0-1"]
[WhiteElo "2140"]
[BlackElo "2175"]
[PlyCount "88"]
[EventDate "1991.09.20"]
[EventType "team-swiss"]
[EventRounds "9"]
[EventCountry "POL"]
[SourceTitle "EXT 2019"]
[Source "ChessBase"]
[SourceDate "2018.10.10"]
[SourceVersion "1"]
[SourceVersionDate "2018.10.10"]
[SourceQuality "1"]
[WhiteTeam "Katowice Start"]
[BlackTeam "Gorzow Wielkopolski Stilon"]
[WhiteTeamCountry "POL"]
[BlackTeamCountry "POL"]

1. e4 c6 2. d4 d5 3. Nc3 dxe4 4. Nxe4 Bf5 5. Ng3 Bg6 6. h4 h6 7. Nf3 Nd7 8. h5 Bh7 9. Bd3 Bxd3 10. Qxd3 e6 11. Bf4 Qa5+ 12. Bd2 Qc7 13. 0-0-0 Ngf6 14. Ne4 0-0-0 15. g3 Nc5 16. Nxc5 Bxc5 17. c4 Rhe8 18. Bc3 Bd6 19. Qe2 c5 20. Ne5 cxd4 21. Bxd4 Bxe5 22. Bxe5 Qa5 23. Kb1 Rxd1+ 24. Rxd1 Rd8 25. Rxd8+ Qxd8 26. a3 Ne8 27. Qe3 b6 28. Qf3 Nc7 29. Qc6 Qe7 30. Bxg7 f6 31. Bxh6 Qh7+ 32. Ka2 Qxh6 33. g4 Qf4 34. f3 f5 35. h6 fxg4 36. fxg4 Qxh6 37. a4 Qf4 38. a5 Qxg4 39. a6 Qd4 40. Qb7+ Kd7 41. b3 Qd2+ 42. Kb1 Qc3 43. Ka2 Qa5+ 44. Kb2 Qxa6 0-1